000 00725cab a2200229 4500
001 ABS48569
008 090401t1993 xxu||||| |||| 00| 0 eng d
035 _a(Sirsi) u67389
041 _aeng
100 _aGray, P.
245 _aNorth America convinced of property`s vital role
260 _c1993
350 _a0
490 _aCSM (Chartered Surveyor Monthly)
_v2(9) June 1993, 6(1)
520 _aDetails the Presidential visit to North America, Christopher Jonas presented "Property in the economy - the UK experience" to ten separate audiences.
650 _aPROPERTY-COMMERCIAL PROPERTY
650 _aECONOMY
650 _aUSA
690 _aPROPERTY-COMMERCIAL PROPERTY
942 _n0
948 _c04/03/1997
999 _c42174
_d42174